000 01487nam a2200193 a 4500
005 20260322212056.0
008 data
099 _aDVD WM 425.5.A5 S668
110 2 _aFilms for the Humanities & Sciences (Firm)
245 1 0 _aSoothing the savage beast :
_bventing rage /
_cFilms for the Humanities & Sciences (Firm).
260 _aNew York, N.Y. :
_bFilms Media Group,
_c2007.
300 _a1 Video recording DVD (14 min.) ;
_b4 3/4 in.
490 _aThe Fury within : coping with anger
500 _aFilms on Demand is distributed by Films Media Group for Films for the Humanities & Sciences, Cambridge Educational, Meridian Education, and Shopware./ Encoded with permission for digital streaming by Films Media Group on April 04, 2007./ Title from distributor's description./ Audience: 11 & up.
520 3 _aIs the physical release of anger in a controlled setting a healthy way to process it? Many angry people say yes-but not all researchers agree: "It's a seductive theory. It does make sense, but it's a myth," says noted psychologist Dr. Brad Bushman. In this program, ABC News anchors Charles Gibson and Connie Chung and correspondent John Stossel set the record straight about two different anger disorders and the methods used to control them. For under-venters, bataka bats and anger release workshops may be the prescription, but for over-venters, an anger management workshop is a better choice.
650 0 _aConflict management
650 0 _aAnger
_xPrevention
001 data
999 _c1331
_d1331